| 000 | 00603nam a2200217 i 4500 | ||
|---|---|---|---|
| 001 | 68279 | ||
| 003 | ES-MaACL | ||
| 005 | 20230906170236.0 | ||
| 007 | t| | ||
| 008 | 040616s1991 sp ||||0| spa d | ||
| 016 | 7 | _zSIC92017924 | |
| 020 | _a84-226-3475-9 | ||
| 040 |
_aM-BN _bspa _cSIC |
||
| 080 | _a820(73)-94"19" | ||
| 100 | 1 |
_aWest, Morris L. _9116550 |
|
| 245 | 1 | 0 |
_aLázaro / _cMorris West ; traducción de Aníbal Leal. |
| 260 |
_a[S.l.] : _bCírculo de Lectores, _cD.L. 1991. |
||
| 300 |
_a381 p. ; _c21 cm. |
||
| 700 | 1 |
_aLeal, Aníbal. _970960 |
|
| 852 |
_aES-MaACL _jL-27972 _bR.133885 |
||
| 999 |
_c68279 _d68279 |
||